Histoire naturelle. tomo 12 [les belles lettres] /
Guardado en:
| Autor Principal: | |
|---|---|
| Formato: | Libro |
| Publicado: |
Paris :
Les Belles Lettres,
1947
|
| Materias: | |
| Etiquetas: |
Agregar Etiqueta
Sin Etiquetas, Sea el primero en etiquetar este registro!
|
| LEADER | 00500nam a22001455a 4500 | ||
|---|---|---|---|
| 001 | EHU.bham010113 | ||
| 003 | AR-BHAM | ||
| 005 | 20070328174621.0 | ||
| 008 | 130507s1947##################000#0#####d | ||
| 082 | 8 | 7 | |a 870 |
| 100 | 1 | |a Plinio El Viejo (plinio Segundo, Cayo) | |
| 245 | 1 | 0 | |a Histoire naturelle. tomo 12 [les belles lettres] / |c Cayo Plinio Cecilio Segundo |
| 260 | |a Paris : |b Les Belles Lettres, |c 1947 | ||
| 653 | |a Literatura latina | ||
| 859 | |a AR-BHAM |b BIB. HUMANIDADES - General |h 870 |i P719-1 |p 942.63 |t Ej.1 |v XII |3 XII | ||
